LEADER 01145nam2 22003013i 450 001 VAN00299600 005 20260408035559.725 100 $a20251017d1967 |0itac50 ba 101 $aita 102 $aIT 105 $a|||| ||||| 181 $ai$b e 182 $an 183 $anc 200 1 $aˆ15 :‰Pon-Rie$ffondato da Pietro Fedele 205 $a3. ed. interamente riveduta e accresciuta 210 $aTorino$cUTET$d1967 215 $aXXI, 915 p.$d30 cm 461 1$1001VAN00299555$12001 $aGrande dizionario enciclopedico UTET$ffondato da Pietro Fedele$1205 $a3. ed. interamente riveduta e accresciuta$1210 $aTorino$cUTET$1215 $avolumi$d30 cm$v15 620 $dTorino$3VANL000001 700 1$aFedele$bPietro$3VANV023441$0434805 712 $aUTET $3VANV107949$4650 801 $aIT$bSOL$c20260410$gRICA 899 $aBIBLIOTECA DEL DIPARTIMENTO DI INGEGNERIA$1IT-CE0100$2VAN05 912 $aVAN00299600 950 $aBIBLIOTECA DEL DIPARTIMENTO DI INGEGNERIA$d05PREST Pedicino 092 $e05UBI2556/15 20251017 996 $aPon - Rie$94447728 997 $aUNICAMPANIA